|
|
|
|
| LEADER |
00000nam0a2200000 4500 |
| 001 |
67526 |
| 005 |
20231031073620.0 |
| 010 |
|
|
|a 5788201357
|
| 035 |
|
|
|a (RuTPU)RU\TPU\book\71894
|
| 090 |
|
|
|a 67526
|
| 100 |
|
|
|a 20040916d2005 m y0rusy50 ca
|
| 101 |
0 |
|
|a rus
|
| 102 |
|
|
|a RU
|
| 105 |
|
|
|a a j 001zy
|
| 200 |
1 |
|
|a Система управления и организация промышленных предприятий
|e учебное пособие
|f Г. В. Ишмуратов
|g Казанский государственный технологический университет
|
| 210 |
|
|
|a Казань
|c Изд-во Казанского ГТУ
|d 2005
|
| 215 |
|
|
|a 212 с.
|c ил.
|
| 320 |
|
|
|a Библиогр.: с. 208-209.
|
| 333 |
|
|
|a Исключено из фонда НТБ ТПУ
|
| 686 |
|
|
|a У9(2)29-2я73
|v LBC/SL-A
|2 rubbk
|
| 700 |
|
1 |
|a Ишмуратов
|b Г. В.
|g Геннадий Вазыхович
|
| 712 |
0 |
2 |
|a Казанский государственный технологический университет
|2 stltpush
|3 (RuTPU)RU\TPU\col\224
|
| 801 |
|
1 |
|a RU
|b 63413507
|c 20040916
|g PSBO
|
| 801 |
|
2 |
|a RU
|b 63413507
|c 20211018
|g PSBO
|
| 942 |
|
|
|c BK
|